| 000 | 00411 a2200121 4500 | ||
|---|---|---|---|
| 020 | _a0471393428 (cloth : alk. paper) | ||
| 082 | _a658.404 KER | ||
| 100 | _aKerzner, Harold. | ||
| 245 |
_aProject management : _ba systems approach to planning, scheduling, and controlling / _cby Harold Kerzner. |
||
| 250 | _a7th ed. | ||
| 260 |
_aNew York : _bJohn Wiley, _cc2001. |
||
| 300 |
_axx, 1203 p. : _c24 cm. _bill. ; |
||
| 650 | _aProject management. | ||
| 999 |
_c1687 _d1687 |
||